000 00802nam a2200253 i 4500
003 DO-SdBNP
005 20240315111113.0
007 ta
008 110301s2021 dr 000 0 spa d
020 _a9789945618587
040 _aDO-SdBNP
_bspa
_cBNPHU
_erda
082 4 _bO49
_222
100 1 _aOlivo Peña, Gustavo
_953018
_d1958-
245 1 3 _aUn hombre discreto :
_by otras historias /
_cGustavo Olivo Peña
264 _a[Santo Domingo] :
_b[editor no identificado].
_c2021.
300 _a162 páginas
_c19 cm.
336 _2rdacontent
_atexto
_btxt
337 _2rdamedia
_asin mediación
_bn
338 _2rdacarrier
_avolumen
_bnc
500 _aIncluye datos biográficos del autor en la solapa de la portada.
590 _aInventariado, 2022/ YL
910 _aYLockward
942 _2ddc
_cLBS1
999 _c51735
_d51735